000 004360000a22001570004500
001 000620
003 MACL
040 _aMACL
090 _c620
_d620
100 _aPrasada, Rama (Translator)
245 _aPatanjali's Yoga Sutras
_bWith The Commentary Of Vyasa And The Gloss Of Vachaspati Misra
_cRama (Translator) Prasada
260 _aMunshiram Manoharlal Publishers,
_c1998
350 _a250
650 _a Philosophy
942 _k112
_cBook
999 _c620
_d620